| 000 | 00528nam a2200193Ia 4500 | ||
|---|---|---|---|
| 003 | GCL | ||
| 008 | 140319s9999 xx 000 0 eng d | ||
| 040 |
_aGCL / _cGCL |
||
| 082 | 0 | 4 |
_a739.4 _bH C |
| 100 | 1 | _aHIMMELHEBER, GEOG | |
| 245 | 1 | 0 |
_aCAST IRON FURNITURE AND ALL OTHER FORMS OF IRON FURNITURE / _cHIMMELHEBER, GEOG |
| 260 |
_a[S.N] : _bWILSON PHILIP ، _c1996 |
||
| 300 | _a240 P | ||
| 650 | 0 | 4 | _aINTERIOR DECORATION |
| 650 | 0 | 4 | _aHOUSE DECORATION |
| 650 | 0 | 4 | _aCHAIRS |
| 650 | 0 | 4 | _aIRON FURNITURE |
| 942 |
_2ddc _cBK |
||
| 999 |
_c14774 _d14774 |
||